| 000 | 01294cam a2200385 i 4500 | ||
|---|---|---|---|
| 999 |
_c200451936 _d70148 |
||
| 001 | 200451936 | ||
| 003 | TR-AnTOB | ||
| 005 | 20230614001319.0 | ||
| 007 | ta | ||
| 008 | 000106s1999 tu 00000 tur d | ||
| 020 | _a9755123954 | ||
| 035 | _a(TR-AnTOB)200451936 | ||
| 040 |
_aSULEY _beng _erda _cSULEY _dTR-AnTOB |
||
| 041 | 0 | _atur | |
| 050 | 1 | 4 |
_aHC415.37 _b.K38 1999 |
| 090 |
_aHC415.37 _b.K38 1999 |
||
| 245 | 0 | 0 |
_aKatar ülke etüdü / _chazırlayanlar, Selçuk Tayfun Ok, Ömer Kuray. |
| 264 | 1 |
_aİstanbul : _bİstanbul Ticaret Odası, _c1999. |
|
| 300 |
_a125 pages : _btables, map ; _c24 cm |
||
| 336 |
_atext _btxt _2rdacontent |
||
| 337 |
_aunmediated _bn _2rdamedia |
||
| 338 |
_avolume _bnc _2rdacarrier |
||
| 490 | 0 |
_aİstanbul Ticaret Odası ; _vYayın no: 1999-51 |
|
| 504 | _aBIB | ||
| 651 | 7 |
_aKatar _xEkonomik durum _2etuturkob _9140681 |
|
| 651 | 7 |
_aKatar _xEkonomi politikası _2etuturkob _9140680 |
|
| 651 | 7 |
_aKatar _xDış ekonomik ilişkiler _zTürkiye _2etuturkob _9140682 |
|
| 651 | 0 |
_aTürkiye _xDış ekonomik ilişkiler _zKatar _918923 |
|
| 700 | 1 |
_aOk, Selçuk Tayfun _eeditor _989921 |
|
| 700 | 1 |
_aKuray, Ömer _eeditor _9139291 |
|
| 710 | 2 |
_aİstanbul Ticaret Odası _919571 |
|
| 942 |
_2lcc _cBK |
||